| 000 | 01969nkc a2200313za 4500 | ||
|---|---|---|---|
| 001 | 84554 | ||
| 003 | OSt | ||
| 005 | 20260423155654.0 | ||
| 007 | kh boc | ||
| 008 | 250410s1909 sp ||||| ||||||0| i|spa d | ||
| 040 |
_cM-RABA _aM-RABA _bspa |
||
| 245 | 0 | 0 |
_aIrene y Lucila extrayendo la saeta del cuerpo de San Sebastián _h[Material gráfico] _c/ Luis Bonifar y Massó |
| 246 | _aSanta Irene y santa Lucina curando a San Sebastián | ||
| 260 |
_b[Hauser y Menet] _c, [ca. 1909] |
||
| 300 |
_a1 fotografía _b: gelatina de plata _c; imagen 20 x 12 cm _c; soporte secundario 30 x 24 cm |
||
| 500 | _aFotografía del relieve "Santa Irene y santa Lucina curando a San Sebastián" de Jaime Folch. Se conserva en el Museo de la Real Academia de Bellas Artes de San Fernando con nº de inventario E-295. | ||
| 500 | _aMontada sobre un soporte secundario de cartón, con texto manuscrito a lápiz en la parte inferior al recto: "Irene y Lucila extrayendo la saeta del cuerpo de San Sebastián por Luis Bonifar y Massó Académico de mérito 1763". Nota manuscrita al verso a lápiz rojo: "Entierro de Sª Sebastián / 1763 (Académico de mérito" | ||
| 500 | _aLa obra fue atribuida a Luis Bonifás, hasta la última intervención en 2021, donde se ha podido acceder a la firma del escultor, Jaime Folch. | ||
| 500 | _aFecha probable de la realización de la fotografía realizada por Hauser y Menet. | ||
| 544 | _aArchivo de la Real Academia de Bellas Artes de San Fernando (Le-4-29-1) | ||
| 600 | 1 | 0 |
_aFolch y Costa, Jaime _d(1755-1821) _9111683 |
| 610 | 2 | 4 |
_aReal Academia de Bellas Artes de San Fernando. _975832 |
| 651 | 7 |
_aMadrid _2embne _975182 |
|
| 655 | 7 |
_aFotografías de obras de arte _975675 |
|
| 710 | 2 |
_aHauser y Menet (Madrid) _950978 |
|
| 852 | _jFot-600 | ||
| 856 |
_3Fot-600 _uhttps://archivoybiblioteca.realacademiabellasartessanfernando.com/cgi-bin/koha/opac-retrieve-file.pl?id=78d12025253885f970c85a03e1d16f9e |
||
| 942 |
_2ddc _cFOTOGRAFÍA _n0 |
||
| 999 |
_c84554 _d84554 |
||